| 000 | 00735nam a22002297a 4500 | ||
|---|---|---|---|
| 999 |
_c2954 _d2954 |
||
| 001 | 2954 | ||
| 003 | BD-JhCC | ||
| 005 | 20171112191656.0 | ||
| 008 | 171108s1970 bg |||| |||| 000 0 ben d | ||
| 035 | _a(BD-JhCC)2954 | ||
| 040 |
_aBD-JhCC _dBD-JhCC |
||
| 041 | _aben | ||
| 082 |
_a891.44 _bPRI 1970 |
||
| 100 | _aপ্রাইস, উইলার্ড | ||
| 245 |
_aমিসিসিপর রহস্য / _cউইলার্ড প্রাইস; নীলুফার হুদা (অনু.) |
||
| 300 |
_a৮৪ পৃ. : _c২২ সেমি. |
||
| 650 | _aBengali Fiction | ||
| 700 | _aহুদা, নীলুফার | ||
| 856 | _3হুদা, নীলুফার | ||
| 942 |
_2ddc _cBK |
||